[Event "Capablanca mem Premier II"]
[Site "La Habana CUB"]
[Date "2005.05.10"]
[Round "5.1"]
[White "Giaccio, Alfredo"]
[Black "Prasca Sosa, Raphael"]
[Result "1/2-1/2"]
[WhiteElo "2478"]
[BlackElo "2442"]
[PlyCount "46"]
[EventDate "2005.05.06"]
[EventType "tourn"]
[EventRounds "1"]
[EventCountry "CUB"]
[EventCategory "8"]
[Source "lmi"]
[SourceDate "2005.05.22"]

1. e4 e6 2. d4 d5 3. Nc3 Nf6 4. Bg5 Bb4 5. e5 h6 6. Bd2 Bxc3 7. bxc3 Ne4 8. Qg4
Kf8 9. Bd3 Nxd2 10. Kxd2 c5 11. h4 Nc6 12. Rh3 c4 13. Bf1 Qe7 14. Ne2 Rg8 15.
Nf4 Ke8 16. Nh5 Qf8 17. Rb1 Rb8 18. Re3 Ne7 19. Rf3 Ng6 20. Nf4 Nxf4 21. Qxf4
b5 22. a3 Rb7 23. Ra1 Bd7 1/2-1/2

[Event "Capablanca mem Premier II"]
[Site "La Habana CUB"]
[Date "2005.05.10"]
[Round "5.2"]
[White "Quezada, Yuniesky"]
[Black "Hernandez, Roman"]
[Result "1-0"]
[WhiteElo "2502"]
[BlackElo "2367"]
[PlyCount "141"]
[EventDate "2005.05.06"]
[EventType "tourn"]
[EventRounds "1"]
[EventCountry "CUB"]
[EventCategory "8"]
[Source "lmi"]
[SourceDate "2005.05.22"]

1. e4 e5 2. Nf3 Nc6 3. Bb5 a6 4. Ba4 Nf6 5. O-O Be7 6. Re1 b5 7. Bb3 d6 8. c3
O-O 9. h3 Na5 10. Bc2 c5 11. d4 Nc6 12. d5 Na5 13. Nbd2 g6 14. b3 Nh5 15. Nf1
Bf6 16. Ng3 Nxg3 17. fxg3 Bg7 18. g4 Nb7 19. Be3 a5 20. Rf1 Bd7 21. a4 b4 22.
Nd2 Qc7 23. Nc4 f6 24. Qd2 Nd8 25. Bd3 Nf7 26. cxb4 axb4 27. a5 Be8 28. Ra2 Nd8
29. Rc1 Rf7 30. Qe2 Nb7 31. a6 Nd8 32. Rca1 Qb8 33. Ra5 Bf8 34. Nd2 Rfa7 35.
Bb5 Nf7 36. Bxe8 Qxe8 37. Nc4 Be7 38. Nb2 Bd8 39. R5a4 Kg7 40. Qc4 Qd7 41. Nd3
Rc7 42. Kh1 h6 43. Nb2 Rca7 44. Qd3 Qe8 45. Qe2 Qd7 46. Kh2 Qe8 47. Nd3 Qb5 48.
Nf4 Qxe2 49. Nxe2 Kf8 50. Nc1 Ke8 51. Nd3 Kd7 52. Nxb4 cxb4 53. Bxa7 Rxa7 54.
Rxb4 Bc7 55. h4 Nd8 56. g3 Ke7 57. Kg2 Kd7 58. Kf3 Kc8 59. Ke2 Bb8 60. Kd3 g5
61. Rf1 Rf7 62. Rc1+ Rc7 63. Rbc4 Rxc4 64. Rxc4+ Kd7 65. h5 Ba7 66. Rc2 Nf7 67.
b4 Nd8 68. Kc4 f5 69. gxf5 g4 70. Kb5 Nf7 71. Ka5 1-0

[Event "Capablanca mem Premier II"]
[Site "La Habana CUB"]
[Date "2005.05.10"]
[Round "5.4"]
[White "Estremera Panos, Sergio"]
[Black "Gongora, Maikel"]
[Result "1/2-1/2"]
[WhiteElo "2385"]
[BlackElo "2454"]
[PlyCount "67"]
[EventDate "2005.05.06"]
[EventType "tourn"]
[EventRounds "1"]
[EventCountry "CUB"]
[EventCategory "8"]
[Source "lmi"]
[SourceDate "2005.05.22"]

1. d4 e6 2. c4 Bb4+ 3. Nc3 f5 4. e3 Nf6 5. Bd3 O-O 6. Nge2 d5 7. Qc2 c6 8. f3
a6 9. Bd2 Bd6 10. O-O-O dxc4 11. Bxc4 b5 12. Bd3 Nbd7 13. g4 Nb6 14. gxf5 exf5
15. Bxf5 b4 16. Bxc8 Rxc8 17. Ne4 Nxe4 18. Qxe4 Qf6 19. f4 c5 20. dxc5 Bxc5 21.
Kb1 Rfe8 22. Qd3 Rcd8 23. Qb3+ Qf7 24. Qxf7+ Kxf7 25. Nd4 Bxd4 26. exd4 Rxd4
27. Bc1 Rde4 28. Rd6 R8e6 29. Rhd1 Kf6 30. Rd8 Nc4 31. Rf8+ Ke7 32. Rb8 Nd6 33.
Ra8 Nf5 34. Rd5 1/2-1/2

[Event "Capablanca mem Premier II"]
[Site "La Habana CUB"]
[Date "2005.05.10"]
[Round "5.5"]
[White "Fernandez Garcia, Jose Luis"]
[Black "Hernandez, Holden"]
[Result "1/2-1/2"]
[WhiteElo "2468"]
[BlackElo "2446"]
[PlyCount "49"]
[EventDate "2005.05.06"]
[EventType "tourn"]
[EventRounds "1"]
[EventCountry "CUB"]
[EventCategory "8"]
[Source "lmi"]
[SourceDate "2005.05.22"]

1. e4 e5 2. Bc4 Nf6 3. d3 Nc6 4. Nc3 Be7 5. f4 d6 6. Nf3 exf4 7. Bxf4 Na5 8.
Bb3 Nxb3 9. axb3 O-O 10. Qd2 c6 11. O-O Bg4 12. Rae1 d5 13. exd5 Nxd5 14. Nxd5
cxd5 15. Be5 Re8 16. Bd4 Qc7 17. Qf2 Bxf3 18. Qxf3 Bc5 19. Qxd5 Bxd4+ 20. Qxd4
Rxe1 21. Rxe1 Qxc2 22. Qxa7 Qc8 23. Qe3 h6 24. d4 Qc6 25. Qd3 1/2-1/2

[Event "Capablanca mem Premier II"]
[Site "La Habana CUB"]
[Date "2005.05.10"]
[Round "5.6"]
[White "Perez, Orelvis"]
[Black "Corrales, Fidel"]
[Result "1-0"]
[WhiteElo "2439"]
[BlackElo "2501"]
[PlyCount "142"]
[EventDate "2005.05.06"]
[EventType "tourn"]
[EventRounds "1"]
[EventCountry "CUB"]
[EventCategory "8"]
[Source "lmi"]
[SourceDate "2005.05.22"]

1. e4 c5 2. Nf3 Nc6 3. Bb5 g6 4. O-O Bg7 5. c3 Nf6 6. Qa4 O-O 7. d4 cxd4 8.
cxd4 d5 9. e5 Nd7 10. Bxc6 Nb6 11. Qa5 bxc6 12. b3 Nd7 13. Qxd8 Rxd8 14. Nc3 c5
15. Re1 cxd4 16. Nxd5 Bf8 17. e6 Bb7 18. exf7+ Kxf7 19. Ng5+ Kg8 20. Nc7 Rab8
21. Nce6 Rdc8 22. Bf4 Ra8 23. Rad1 Bh6 24. h4 Rc3 25. Rxd4 Nf8 26. Nxf8 Bxf8
27. Ne6 Bc6 28. Rd2 Be8 29. Bg5 Rac8 30. Nxf8 Rc1 31. Rde2 Rxe1+ 32. Rxe1 Kxf8
33. Rxe7 h6 34. Rxa7 hxg5 35. hxg5 Rc5 36. a4 Rxg5 37. f3 Rc5 38. b4 Rd5 39.
Kf2 Bd7 40. b5 Ke7 41. b6 Kd6 42. a5 Rb5 43. b7 Bc6 44. a6 Ke5 45. Kg3 Kf5 46.
Ra8 Bxb7 47. axb7 Rxb7 48. Ra5+ Kf6 49. Kg4 Rb4+ 50. f4 Rb2 51. g3 Rb3 52. Kh4
Rf3 53. Ra7 Ke6 54. g4 Rxf4 55. Kg5 Rb4 56. Rg7 Ra4 57. Rxg6+ Kf7 58. Kh6 Ra1
59. Rg7+ Kf8 60. g5 Ra6+ 61. Kh7 Ra5 62. Rg8+ Ke7 63. g6 Rh5+ 64. Kg7 Rh1 65.
Ra8 Rh2 66. Ra1 Rg2 67. Re1+ Kd7 68. Kf7 Rf2+ 69. Kg8 Rg2 70. g7 Rg3 71. Rh1
Ke7 1-0

[Event "Capablanca mem Premier II"]
[Site "La Habana CUB"]
[Date "2005.05.11"]
[Round "6.1"]
[White "Prasca Sosa, Raphael"]
[Black "Almeida, Omar"]
[Result "1-0"]
[WhiteElo "2442"]
[BlackElo "2452"]
[PlyCount "67"]
[EventDate "2005.05.06"]
[EventType "tourn"]
[EventRounds "1"]
[EventCountry "CUB"]
[EventCategory "8"]
[Source "lmi"]
[SourceDate "2005.05.22"]

1. e4 e6 2. d4 d5 3. Nc3 Bb4 4. Nge2 dxe4 5. a3 Bxc3+ 6. Nxc3 Nc6 7. d5 Nce7 8.
Qg4 Nxd5 9. Nxd5 exd5 10. Qxg7 Qf6 11. Bh6 Qxh6 12. Qxh8 Kf8 13. Qd4 c6 14. Be2
Qg5 15. h4 Qxg2 16. O-O-O Qg7 17. Qb4+ Ne7 18. f3 exf3 19. Bxf3 b6 20. Qd6 Be6
21. Rdg1 Qh6+ 22. Kb1 Rc8 23. Bg4 Ke8 24. Re1 Rd8 25. Qc7 Rd7 26. Qb8+ Rd8 27.
Qxa7 Rd7 28. Qb8+ Rd8 29. Qe5 Kd7 30. Bxe6+ fxe6 31. Rhf1 Re8 32. Rf6 Ng6 33.
Rf7+ Ne7 34. h5 1-0

[Event "Capablanca mem Premier II"]
[Site "La Habana CUB"]
[Date "2005.05.11"]
[Round "6.2"]
[White "Corrales, Fidel"]
[Black "Colovic, Aleksandar"]
[Result "0-1"]
[WhiteElo "2501"]
[BlackElo "2418"]
[PlyCount "98"]
[EventDate "2005.05.06"]
[EventType "tourn"]
[EventRounds "1"]
[EventCountry "CUB"]
[EventCategory "8"]
[Source "lmi"]
[SourceDate "2005.05.22"]

1. e4 c5 2. Nf3 d6 3. d4 cxd4 4. Nxd4 Nf6 5. Nc3 a6 6. Be3 e5 7. Nb3 Be7 8. f3
Be6 9. Qd2 O-O 10. O-O-O Nbd7 11. g4 b5 12. g5 Nh5 13. Nd5 Bxd5 14. exd5 f5 15.
gxf6 Bxf6 16. Kb1 Qc7 17. Rc1 Nb6 18. Na5 Bd8 19. c4 Nxc4 20. Nxc4 bxc4 21.
Bxc4 Qb7 22. Bb3 Rxf3 23. Bd1 Rh3 24. Rc6 Rb8 25. b3 Nf6 26. Bc2 Rxe3 27. Qxe3
Nxd5 28. Bxh7+ Kh8 29. Qh3 Nf4 30. Qc3 Kxh7 31. Rd1 d5 32. h4 Bf6 33. h5 Qb4
34. Qc2+ Qe4 35. Qxe4+ dxe4 36. Re1 Rb4 37. Rc4 Rxc4 38. bxc4 Nd3 39. Rxe4 Nc5
40. Re2 e4 41. Kc2 Kh6 42. Rd2 Nd3 43. Re2 Nc5 44. Rd2 Ne6 45. Rd5 Nf4 46. Rf5
Nxh5 47. c5 Ng3 48. Rd5 e3 49. Rd3 Bg5 0-1

[Event "Capablanca mem Premier II"]
[Site "La Habana CUB"]
[Date "2005.05.11"]
[Round "6.3"]
[White "Hernandez, Holden"]
[Black "Perez, Orelvis"]
[Result "1/2-1/2"]
[WhiteElo "2446"]
[BlackElo "2439"]
[PlyCount "129"]
[EventDate "2005.05.06"]
[EventType "tourn"]
[EventRounds "1"]
[EventCountry "CUB"]
[EventCategory "8"]
[Source "lmi"]
[SourceDate "2005.05.22"]

1. e4 c5 2. Nf3 d6 3. d4 cxd4 4. Nxd4 Nf6 5. Nc3 g6 6. Be3 Bg7 7. f3 Nc6 8. Qd2
O-O 9. Bc4 Nd7 10. O-O-O Nb6 11. Bb3 Na5 12. Qd3 Bd7 13. h4 Rc8 14. h5 Nbc4 15.
hxg6 fxg6 16. Bg5 Nxb3+ 17. axb3 Qa5 18. bxc4 Qxg5+ 19. Kb1 Qc5 20. Nd5 Rf7 21.
Ne3 a6 22. c3 b5 23. cxb5 axb5 24. Ndc2 Ra8 25. Qd5 Qc8 26. Rxh7 Be6 27. Rxg7+
Rxg7 28. Qxb5 Rb8 29. Qa5 Bb3 30. Rd4 Rh7 31. Qg5 Qa6 32. Kc1 Rh1+ 33. Rd1
Rxd1+ 34. Nxd1 Kf7 35. Qf4+ Ke8 36. Qe3 Qf1 37. Qf2 Qd3 38. Qd2 Qf1 39. Qf2 Qa6
40. Nde3 Qd3 41. Nb4 Qb5 42. Nec2 Ra8 43. Kd2 Bxc2 44. Kxc2 Ra1 45. Kd2 Qg5+
46. Kc2 Qc1+ 47. Kb3 Qd1+ 48. Qc2 Rc1 49. Qxd1 Rxd1 50. e5 Rd2 51. exd6 exd6
52. Nc2 Rxg2 53. Nd4 Kd7 54. c4 Rd2 55. Kc3 Rd1 56. b4 Ke7 57. Nb3 Ke6 58. b5
Kd7 59. Nd4 Kc7 60. Ne6+ Kb6 61. Nd4 Ka5 62. Nb3+ Kb6 63. Nd4 Ka5 64. Nb3+ Kb6
65. Nd4 1/2-1/2

[Event "Capablanca mem Premier II"]
[Site "La Habana CUB"]
[Date "2005.05.11"]
[Round "6.4"]
[White "Gongora, Maikel"]
[Black "Fernandez Garcia, Jose Luis"]
[Result "1/2-1/2"]
[WhiteElo "2454"]
[BlackElo "2468"]
[PlyCount "40"]
[EventDate "2005.05.06"]
[EventType "tourn"]
[EventRounds "1"]
[EventCountry "CUB"]
[EventCategory "8"]
[Source "lmi"]
[SourceDate "2005.05.22"]

1. e4 e5 2. Nf3 Nc6 3. Bc4 Nf6 4. d3 Be7 5. Bb3 O-O 6. O-O d5 7. exd5 Nxd5 8.
h3 Nb6 9. Re1 Qd6 10. Nc3 Bf5 11. Ne4 Bxe4 12. Rxe4 Nd7 13. Re1 Kh8 14. Bd2 f5
15. Bc3 Bf6 16. Nd2 Rae8 17. Qf3 Nc5 18. Qd5 Rd8 19. Qxd6 cxd6 20. Bd5 Na4
1/2-1/2

[Event "Capablanca mem Premier II"]
[Site "La Habana CUB"]
[Date "2005.05.11"]
[Round "6.5"]
[White "Borges, Juan"]
[Black "Estremera Panos, Sergio"]
[Result "1/2-1/2"]
[WhiteElo "2484"]
[BlackElo "2385"]
[PlyCount "51"]
[EventDate "2005.05.06"]
[EventType "tourn"]
[EventRounds "1"]
[EventCountry "CUB"]
[EventCategory "8"]
[Source "lmi"]
[SourceDate "2005.05.22"]

1. d4 Nf6 2. Nf3 e6 3. c4 b6 4. g3 Ba6 5. Qa4 Bb7 6. Bg2 c5 7. dxc5 Bxc5 8. O-O
O-O 9. Nc3 Be7 10. Rd1 Na6 11. Nd4 Nc5 12. Qc2 Bxg2 13. Kxg2 Qc8 14. e4 d6 15.
f3 a6 16. Be3 Qb7 17. Qe2 Rac8 18. Rac1 Rfe8 19. Bf2 h5 20. h3 g6 21. g4 Ncd7
22. g5 Nh7 23. h4 Ne5 24. Na4 Nf8 25. b3 Nfd7 26. Rc2 1/2-1/2

[Event "Capablanca mem Premier II"]
[Site "La Habana CUB"]
[Date "2005.05.11"]
[Round "6.6"]
[White "Hernandez, Roman"]
[Black "Schilow, Wladimir"]
[Result "1-0"]
[WhiteElo "2367"]
[BlackElo "2425"]
[PlyCount "85"]
[EventDate "2005.05.06"]
[EventType "tourn"]
[EventRounds "1"]
[EventCountry "CUB"]
[EventCategory "8"]
[Source "lmi"]
[SourceDate "2005.05.22"]

1. d4 Nf6 2. Nf3 d6 3. c4 g6 4. Nc3 Bf5 5. Nh4 Bd7 6. Nf3 Bf5 7. Nh4 Bd7 8. Nf3
Bg7 9. e4 O-O 10. Be2 c5 11. O-O cxd4 12. Nxd4 Nc6 13. Nc2 Rc8 14. Bd2 Ne5 15.
b3 Bc6 16. f4 Ned7 17. Bf3 a6 18. Rc1 b6 19. Kh1 e6 20. Qe2 Qc7 21. Ne3 Qb8 22.
b4 Bb7 23. g4 h6 24. g5 hxg5 25. fxg5 Nh7 26. Ng4 Ne5 27. Nxe5 Bxe5 28. Nd1 Qa8
29. Nf2 f5 30. gxf6 Rxf6 31. Rce1 b5 32. Ng4 Rxc4 33. Nxf6+ Nxf6 34. Qg2 Kg7
35. Rg1 Qe8 36. Qh3 Kf7 37. Bg5 Nxe4 38. Rxe4 Rxe4 39. Qh7+ Bg7 40. Bh6 Qh8 41.
Qxg6+ Ke7 42. Bg5+ Bf6 43. Bxe4 1-0

[Event "Capablanca mem Premier II"]
[Site "La Habana CUB"]
[Date "2005.05.11"]
[Round "6.7"]
[White "Giaccio, Alfredo"]
[Black "Quezada, Yuniesky"]
[Result "1/2-1/2"]
[WhiteElo "2478"]
[BlackElo "2502"]
[PlyCount "54"]
[EventDate "2005.05.06"]
[EventType "tourn"]
[EventRounds "1"]
[EventCountry "CUB"]
[EventCategory "8"]
[Source "lmi"]
[SourceDate "2005.05.22"]

1. e4 c5 2. Nf3 d6 3. d4 cxd4 4. Nxd4 Nf6 5. Nc3 a6 6. h3 e5 7. Nde2 Be6 8. g4
Nbd7 9. Ng3 Nb6 10. g5 Nfd7 11. Bg2 g6 12. h4 Be7 13. f4 exf4 14. Bxf4 Nc4 15.
Qd4 Nce5 16. Nd5 Bxd5 17. exd5 Rc8 18. O-O-O Qa5 19. Kb1 Rc4 20. Qd2 Qxd2 21.
Bxd2 Rg4 22. Be1 h6 23. Bh3 Rf4 24. Bd2 Rd4 25. Ne2 Re4 26. Ng3 Rd4 27. Ne2 Re4
1/2-1/2

[Event "Capablanca mem Premier II"]
[Site "La Habana CUB"]
[Date "2005.05.12"]
[Round "7.1"]
[White "Quezada, Yuniesky"]
[Black "Prasca Sosa, Raphael"]
[Result "1-0"]
[WhiteElo "2502"]
[BlackElo "2442"]
[PlyCount "73"]
[EventDate "2005.05.06"]
[EventType "tourn"]
[EventRounds "1"]
[EventCountry "CUB"]
[EventCategory "8"]
[Source "lmi"]
[SourceDate "2005.05.22"]

1. e4 e6 2. d4 d5 3. Nc3 Nf6 4. e5 Nfd7 5. f4 c5 6. Nf3 Nc6 7. Be3 cxd4 8. Nxd4
Bc5 9. Qd2 Bxd4 10. Bxd4 Nxd4 11. Qxd4 Qb6 12. Qxb6 Nxb6 13. Nb5 Ke7 14. Nd4
Bd7 15. b3 Bc6 16. Bd3 Nd7 17. O-O g5 18. fxg5 Nxe5 19. Rae1 Kd6 20. Rf6 Nxd3
21. cxd3 Kc5 22. Nf3 Raf8 23. d4+ Kd6 24. Ne5 Ke7 25. Ref1 Be8 26. h4 Rhg8 27.
a4 Rg7 28. Kh2 Rh8 29. Kh3 Rf8 30. R1f2 Rh8 31. g4 Rf8 32. Kg3 Bd7 33. h5 Be8
34. g6 hxg6 35. hxg6 Kd6 36. gxf7 Bc6 37. Rg6 1-0

[Event "Capablanca mem Premier II"]
[Site "La Habana CUB"]
[Date "2005.05.12"]
[Round "7.2"]
[White "Schilow, Wladimir"]
[Black "Giaccio, Alfredo"]
[Result "0-1"]
[WhiteElo "2425"]
[BlackElo "2478"]
[PlyCount "78"]
[EventDate "2005.05.06"]
[EventType "tourn"]
[EventRounds "1"]
[EventCountry "CUB"]
[EventCategory "8"]
[Source "lmi"]
[SourceDate "2005.05.22"]

1. e4 e6 2. d4 d5 3. Nd2 Nf6 4. e5 Nfd7 5. f4 c5 6. c3 cxd4 7. cxd4 Nc6 8. Ndf3
Qb6 9. Ne2 Be7 10. a3 O-O 11. h4 f6 12. Rh3 a5 13. b3 Qd8 14. Be3 f5 15. Nc3
Nb6 16. h5 Bd7 17. Bf2 a4 18. b4 Na7 19. h6 g6 20. Bh4 Rc8 21. Bxe7 Qxe7 22.
Ng5 Rc7 23. Rc1 Rfc8 24. g4 fxg4 25. Qxg4 Nc4 26. f5 gxf5 27. Qg2 Kh8 28. Rg3
f4 29. Nf7+ Qxf7 30. Rg7 Qf5 31. Bxc4 dxc4 32. Kf2 Bc6 33. d5 Bxd5 34. Nxd5
exd5 35. Qxd5 Nc6 36. Rcg1 Qc2+ 37. Ke1 Qc3+ 38. Kd1 Qd4+ 39. Qxd4 Nxd4 0-1

[Event "Capablanca mem Premier II"]
[Site "La Habana CUB"]
[Date "2005.05.12"]
[Round "7.3"]
[White "Estremera Panos, Sergio"]
[Black "Hernandez, Roman"]
[Result "1/2-1/2"]
[WhiteElo "2385"]
[BlackElo "2367"]
[PlyCount "30"]
[EventDate "2005.05.06"]
[EventType "tourn"]
[EventRounds "1"]
[EventCountry "CUB"]
[EventCategory "8"]
[Source "lmi"]
[SourceDate "2005.05.22"]

1. Nf3 Nf6 2. c4 e6 3. Nc3 d5 4. d4 Be7 5. Bg5 Nbd7 6. e3 O-O 7. Rc1 c6 8. Bd3
dxc4 9. Bxc4 Nd5 10. Bxe7 Qxe7 11. O-O Nxc3 12. Rxc3 e5 13. Qc2 exd4 14. exd4
Nb6 15. Bb3 Be6 1/2-1/2

[Event "Capablanca mem Premier II"]
[Site "La Habana CUB"]
[Date "2005.05.12"]
[Round "7.4"]
[White "Fernandez Garcia, Jose Luis"]
[Black "Borges, Juan"]
[Result "0-1"]
[WhiteElo "2468"]
[BlackElo "2484"]
[PlyCount "52"]
[EventDate "2005.05.06"]
[EventType "tourn"]
[EventRounds "1"]
[EventCountry "CUB"]
[EventCategory "8"]
[Source "lmi"]
[SourceDate "2005.05.22"]

1. e4 e6 2. Nf3 d5 3. exd5 exd5 4. d4 Bd6 5. c4 c6 6. Nc3 Ne7 7. Bd3 O-O 8. O-O
Nd7 9. Bg5 f6 10. Bd2 dxc4 11. Bxc4+ Kh8 12. Re1 Nb6 13. Be6 Bxe6 14. Rxe6 Qd7
15. Qb3 Ned5 16. Rae1 Rfe8 17. Rxe8+ Rxe8 18. Rxe8+ Qxe8 19. Nxd5 cxd5 20. g3
Qe4 21. h4 h6 22. h5 Nc4 23. Be1 b6 24. Kg2 a5 25. Bc3 Qe2 26. Nh2 Ne3+ 0-1

[Event "Capablanca mem Premier II"]
[Site "La Habana CUB"]
[Date "2005.05.12"]
[Round "7.5"]
[White "Perez, Orelvis"]
[Black "Gongora, Maikel"]
[Result "0-1"]
[WhiteElo "2439"]
[BlackElo "2454"]
[PlyCount "76"]
[EventDate "2005.05.06"]
[EventType "tourn"]
[EventRounds "1"]
[EventCountry "CUB"]
[EventCategory "8"]
[Source "lmi"]
[SourceDate "2005.05.22"]

1. e4 c5 2. Nf3 e6 3. d3 Nc6 4. c3 d5 5. Nbd2 Nf6 6. Be2 Be7 7. O-O O-O 8. Qc2
b6 9. Re1 Qc7 10. Nf1 Ba6 11. e5 Nd7 12. Qa4 Qb7 13. d4 Bxe2 14. Rxe2 b5 15.
Qd1 b4 16. Ng3 a5 17. Bg5 Bxg5 18. Nxg5 h6 19. Nf3 a4 20. a3 bxc3 21. bxc3 Rfb8
22. Nh5 Ra5 23. g4 Rb5 24. Kg2 Rb3 25. Qd2 Rb2 26. Qe3 Rxe2 27. Qxe2 Qb2 28.
Qe1 cxd4 29. g5 Qxc3 30. Qd1 Ndxe5 31. Nxe5 Nxe5 32. gxh6 Rb3 33. Ng3 gxh6 34.
Kh3 Ng6 35. Rc1 Qf3 36. Rc8+ Kh7 37. Qxd4 Qh5+ 38. Kg2 Nh4+ 0-1

[Event "Capablanca mem Premier II"]
[Site "La Habana CUB"]
[Date "2005.05.12"]
[Round "7.6"]
[White "Colovic, Aleksandar"]
[Black "Hernandez, Holden"]
[Result "1-0"]
[WhiteElo "2418"]
[BlackElo "2446"]
[PlyCount "137"]
[EventDate "2005.05.06"]
[EventType "tourn"]
[EventRounds "1"]
[EventCountry "CUB"]
[EventCategory "8"]
[Source "lmi"]
[SourceDate "2005.05.22"]

1. e4 e5 2. Nf3 Nc6 3. Bb5 a6 4. Ba4 Nf6 5. O-O Be7 6. Re1 b5 7. Bb3 O-O 8. a4
b4 9. d4 d6 10. dxe5 Nxe5 11. Nxe5 dxe5 12. Bg5 Nd7 13. Be3 Bb7 14. Nd2 Bc5 15.
Nc4 Qe7 16. Qg4 Nf6 17. Qg5 Rfe8 18. f3 h6 19. Qh4 Rad8 20. Rad1 Bxe3+ 21. Nxe3
Bc8 22. Qf2 Be6 23. Bc4 Bc8 24. Bd5 Qc5 25. Ng4 Qxf2+ 26. Nxf2 Nxd5 27. Rxd5
Rxd5 28. exd5 Bf5 29. Ne4 Rd8 30. g4 Bg6 31. Rd1 c6 32. d6 Bxe4 33. fxe4 Rd7
34. c4 bxc3 35. bxc3 Kf8 36. c4 Ke8 37. c5 Rb7 38. Rc1 Rb4 39. Kf2 Kd7 40. Ke3
a5 41. h4 Ke6 42. Rd1 Kd7 43. Rc1 Rb3+ 44. Ke2 Rb4 45. Ke3 Ke8 46. g5 hxg5 47.
hxg5 g6 48. Kd3 Rd4+ 49. Kc3 Rxe4 50. Rb1 Re3+ 51. Kc4 Re4+ 52. Kc3 Re3+ 53.
Kd2 Rg3 54. Rb8+ Kd7 55. Rb7+ Ke8 56. Rc7 Rxg5 57. Rxc6 Rg4 58. Kc3 Rxa4 59.
Rc8+ Kd7 60. Rc7+ Kd8 61. Rxf7 Rd4 62. Re7 Rd1 63. Kc4 a4 64. Ra7 g5 65. Kb5 g4
66. Kc6 Ke8 67. Rxa4 g3 68. Rg4 Rd3 69. Kc7 1-0

[Event "Capablanca mem Premier II"]
[Site "La Habana CUB"]
[Date "2005.05.13"]
[Round "8.1"]
[White "Prasca Sosa, Raphael"]
[Black "Corrales, Fidel"]
[Result "0-1"]
[WhiteElo "2442"]
[BlackElo "2501"]
[PlyCount "82"]
[EventDate "2005.05.06"]
[EventType "tourn"]
[EventRounds "1"]
[EventCountry "CUB"]
[EventCategory "8"]
[Source "lmi"]
[SourceDate "2005.05.22"]

1. e4 c5 2. Nf3 Nc6 3. d4 cxd4 4. Nxd4 Nf6 5. Nc3 e5 6. Ndb5 d6 7. Nd5 Nxd5 8.
exd5 Nb8 9. c4 Be7 10. Bd3 O-O 11. O-O a6 12. Nc3 f5 13. f3 Nd7 14. Kh1 b6 15.
Be3 Bg5 16. Qd2 Bxe3 17. Qxe3 Nc5 18. Bc2 a5 19. b3 Bd7 20. Rab1 Qh4 21. g3 Qf6
22. Qd2 Rfc8 23. Bd3 Re8 24. Bc2 Rec8 25. Bd3 h5 26. f4 Re8 27. Bc2 h4 28. fxe5
Rxe5 29. Rbe1 hxg3 30. hxg3 Rae8 31. Rxe5 dxe5 32. Kg2 g5 33. a3 e4 34. Ne2 f4
35. gxf4 Bg4 36. Qc3 Qh6 37. fxg5 Qxg5 38. Qg3 Nd3 39. Nd4 Re5 40. Kg1 Bh3 41.
Bxd3 Qxg3+ 0-1

[Event "Capablanca mem Premier II"]
[Site "La Habana CUB"]
[Date "2005.05.13"]
[Round "8.2"]
[White "Hernandez, Holden"]
[Black "Almeida, Omar"]
[Result "1-0"]
[WhiteElo "2446"]
[BlackElo "2452"]
[PlyCount "61"]
[EventDate "2005.05.06"]
[EventType "tourn"]
[EventRounds "1"]
[EventCountry "CUB"]
[EventCategory "8"]
[Source "lmi"]
[SourceDate "2005.05.22"]

1. e4 e6 2. d4 d5 3. Nc3 Bb4 4. e5 c5 5. a3 Ba5 6. b4 cxd4 7. Qg4 Ne7 8. bxa5
dxc3 9. Qxg7 Rg8 10. Qxh7 Nbc6 11. f4 Qxa5 12. Nf3 Bd7 13. Rb1 O-O-O 14. Qd3
Nf5 15. Rg1 Rg4 16. g3 Rh8 17. Kf2 Qc5+ 18. Be3 d4 19. Bc1 f6 20. h3 Rxg3 21.
Rxg3 Nxg3 22. Kxg3 fxe5 23. Qb5 exf4+ 24. Bxf4 Rg8+ 25. Kf2 Qxb5 26. Rxb5 Rf8
27. Kg3 Ne7 28. Rc5+ Bc6 29. Nxd4 Nd5 30. Nxc6 bxc6 31. Ba6+ 1-0

[Event "Capablanca mem Premier II"]
[Site "La Habana CUB"]
[Date "2005.05.13"]
[Round "8.4"]
[White "Borges, Juan"]
[Black "Perez, Orelvis"]
[Result "0-1"]
[WhiteElo "2484"]
[BlackElo "2439"]
[PlyCount "76"]
[EventDate "2005.05.06"]
[EventType "tourn"]
[EventRounds "1"]
[EventCountry "CUB"]
[EventCategory "8"]
[Source "lmi"]
[SourceDate "2005.05.22"]

1. d4 d5 2. c4 c6 3. Nf3 Nf6 4. e3 a6 5. Qc2 g6 6. Bd3 Bg7 7. O-O O-O 8. Nbd2
Nbd7 9. cxd5 Nxd5 10. a3 e5 11. Nxe5 Nxe5 12. dxe5 Bxe5 13. Nc4 Bc7 14. b4 Qe7
15. Bb2 Be6 16. Rfe1 c5 17. bxc5 Qxc5 18. Bd4 Qe7 19. Qb2 b5 20. Ne5 f6 21. Nf3
Nb6 22. Rec1 Na4 23. Qb1 Bd6 24. Nd2 f5 25. Rc6 Rfc8 26. Rxd6 Qxd6 27. Qd1 Nc5
28. Be2 Bd5 29. Nf3 Nb3 30. Bb2 Ra7 31. Rb1 Rd7 32. Nd4 Nc5 33. Ba1 Be4 34. Rc1
Rdc7 35. f3 Bb7 36. Qe1 Nd3 37. Rxc7 Nxe1 38. Rxb7 Qxa3 0-1

[Event "Capablanca mem Premier II"]
[Site "La Habana CUB"]
[Date "2005.05.13"]
[Round "8.5"]
[White "Hernandez, Roman"]
[Black "Fernandez Garcia, Jose Luis"]
[Result "1/2-1/2"]
[WhiteElo "2367"]
[BlackElo "2468"]
[PlyCount "44"]
[EventDate "2005.05.06"]
[EventType "tourn"]
[EventRounds "1"]
[EventCountry "CUB"]
[EventCategory "8"]
[Source "lmi"]
[SourceDate "2005.05.22"]

1. Nf3 g6 2. e4 d5 3. exd5 Qxd5 4. Nc3 Qd6 5. Bc4 Nf6 6. Nb5 Qd8 7. Ne5 e6 8.
d4 a6 9. Nc3 Bg7 10. Bg5 h6 11. Be3 Nbd7 12. Qe2 Nb6 13. Bd3 Nbd5 14. Nxd5 Nxd5
15. Bd2 Qf6 16. Be4 O-O 17. c4 Ne7 18. O-O c5 19. Bc3 cxd4 20. Bxd4 Nf5 21. Bc3
Qe7 22. Rad1 Qc7 1/2-1/2

[Event "Capablanca mem Premier II"]
[Site "La Habana CUB"]
[Date "2005.05.13"]
[Round "8.6"]
[White "Giaccio, Alfredo"]
[Black "Estremera Panos, Sergio"]
[Result "1-0"]
[WhiteElo "2478"]
[BlackElo "2385"]
[PlyCount "114"]
[EventDate "2005.05.06"]
[EventType "tourn"]
[EventRounds "1"]
[EventCountry "CUB"]
[EventCategory "8"]
[Source "lmi"]
[SourceDate "2005.05.22"]

1. e4 e5 2. Nf3 Nc6 3. Bc4 Nf6 4. d3 Bc5 5. c3 a6 6. O-O d6 7. Bb3 Ba7 8. Be3
O-O 9. Nbd2 Ne7 10. Nh4 Be6 11. Bxa7 Rxa7 12. f4 exf4 13. Rxf4 Bxb3 14. Qxb3
Ng6 15. Nxg6 hxg6 16. d4 c5 17. a4 Qc7 18. Nf3 b5 19. e5 dxe5 20. dxe5 Nd7 21.
axb5 axb5 22. Rxa7 Qxa7 23. Qxb5 Rb8 24. Ra4 Qc7 25. Qe2 Qb6 26. Ng5 Qxb2 27.
Qxb2 Rxb2 28. Ra7 Nf8 29. Ra8 Re2 30. Re8 Re3 31. c4 Rc3 32. Rc8 Re3 33. Rxc5
f6 34. Kf2 Rc3 35. e6 fxg5 36. e7 Kf7 37. Re5 Ke8 38. exf8=Q+ Kxf8 39. Re4 Kf7
40. g4 Kf6 41. Ke2 Rh3 42. Kd2 Rxh2+ 43. Kd3 Ra2 44. c5 Ra1 45. Kc4 Rc1+ 46.
Kb5 Rb1+ 47. Ka6 Ra1+ 48. Kb7 Rb1+ 49. Kc7 Rb2 50. c6 Rb1 51. Kd7 Rd1+ 52. Kc8
Kf7 53. c7 Rb1 54. Kd7 Rd1+ 55. Kc6 Rc1+ 56. Kd6 Kg8 57. Re8+ Kh7 1-0